|
|
|
|
| LEADER |
01383nam a22003732a 4500 |
| 001 |
001628588 |
| 003 |
CZ BrMZK |
| 005 |
20180625065953.0 |
| 007 |
ta |
| 008 |
180515s1964 xr erc||||||||||cze d |
| 040 |
|
|
|a ABE310
|b cze
|d BOA001
|
| 043 |
|
|
|a s-bo---
|
| 045 |
|
|
|a x-x-
|
| 072 |
|
7 |
|a 75
|x Malířství
|2 Konspekt
|9 21
|
| 080 |
|
|
|a 75(84)
|2 MRF
|
| 080 |
|
|
|a 75.036/.038
|2 MRF
|
| 080 |
|
|
|a (84)
|2 MRF
|
| 080 |
|
|
|a (083.824)
|2 MRF
|
| 100 |
1 |
|
|a Kačer, Jaroslav,
|d 1931-2023
|7 mzk2003200026
|4 aut
|4 bkd
|
| 245 |
1 |
0 |
|a Miguel Alandia Pantoja :
|b výběr z díla bolivijského umělce : Brno-Praha 1964 /
|c [text a grafická úprava Jaroslav Kačer]
|
| 260 |
|
|
|a [Brno :
|b Dům umění,
|c 1964]
|
| 300 |
|
|
|a [12] s. :
|b čb. obr.
|
| 500 |
|
|
|a Datum konání: Brno, Dům umění, 27.5.-28.6. 1964 ; Praha, Galerie ÚLUV, 3.-26.7. 1964
|
| 600 |
1 |
4 |
|a Pantoja, Miguel Alandia,
|d 1914-1975
|
| 648 |
|
7 |
|a 20. století
|7 ch460558
|2 czenas
|
| 650 |
0 |
4 |
|a bolivijské malířství
|y 20. století
|7 ph229535
|
| 650 |
0 |
7 |
|a moderní malířství
|7 ph122940
|z Bolívie
|2 czenas
|
| 655 |
|
7 |
|a katalogy výstav
|7 fd132536
|2 czenas
|
| 710 |
2 |
|
|a Dům umění města Brna
|7 ko2002101743
|
| 710 |
2 |
|
|a Galerie ÚLUV (Praha, Česko)
|
| 910 |
|
|
|a BOA001
|b X-0521.492
|
| 990 |
|
|
|a BK
|
| 991 |
|
|
|b 201805
|
| 996 |
6 |
|
|b 2618946489
|c X-0521.492
|l MZK
|r Sklad / do 24 hodin
|n 0
|w 001664343
|u 000010
|a 1
|e BOA001
|j MZK50
|s P
|